=LDR 00000nam 2200000 4500 =001 INLIS000000000042139 =005 20131008014927 =008 ***********************************ind** =035 ##$$0010-101300000000061 =041 ##$$a ind =082 ##$$a 372.3 =100 ##$$a tim bakt guru =245 ##$$a ilmu pengetahuan alam untuk sd kelas 3 =260 ##$$a 1994 $b bandung =300 ##$$a 100 hlm =850 ##$$a NBPNMAT